00417nam a2200169Ia 4500008004100000020001800041050001400059100001900073245002200092245005000114260001400164260001100178260000900189300001400198300002500212300001000237180207s9999 xx 000 0 und d a9780857804303 bP266 2012 aParson, Nicola aCatch it, Kitty / cby Nicola Parson ; illustrated by Karen Sapp. aEngland : bIgloo, c2012 aunpaged : bcolor illustration ; c25cm.